Espagnol - traduire les lieux - Statistiques

Statistiques générales
  • Ce quiz a été pris 30 fois
  • Le résultat moyen est 27 sur 85
Statistiques - réponses
Hint Réponse % Correct
école escuela
95%
bar bar
90%
restaurant restaurante
90%
université universidad
90%
ville ciudad
80%
mer mar
80%
marché mercado
80%
supermarché supermercado
80%
aéroport aeropuerto
75%
banque banco
75%
pharmacie farmacia
75%
hôpital hospital
75%
église iglesia
75%
plage playa
75%
rue calle
70%
capitale capital
70%
île isla
70%
pays país
70%
bibliothèque biblioteca
65%
place plaza
65%
gare estación
55%
frontière frontera
55%
quartier barrio
50%
à / dans / sur en
50%
montagne montaña
50%
parc parque
50%
magasin tienda
50%
centre-ville centro
45%
près de cerca de
45%
mairie ayuntamiento
40%
forêt bosque
40%
village pueblo
40%
rivière / fleuve río
40%
avenue avenida
35%
côte costa
35%
désert desierto
35%
à côté de al lado de
30%
entre entre
30%
lac lago
30%
cascade cascada
25%
zone industrielle zona industrial
25%
campagne campo
20%
carrefour cruce
20%
devant delante de
20%
collège / lycée instituto
20%
loin de lejos de
20%
commissariat comisaría
15%
se trouver encontrarse
15%
feu de circulation semáforo
15%
se situer situarse
15%
vallée valle
15%
parking aparcamiento
10%
sommet cima
10%
grotte cueva
10%
en dessous de debajo de
10%
à l’intérieur de dentro de
10%
au-dessus de encima de
10%
au centre de en el centro de
10%
mener à llevar a
10%
entourer rodear
10%
falaise acantilado
5%
trottoir acera
5%
archipel archipiélago
5%
boulevard bulevar
5%
impasse callejón
5%
derrière detras de
5%
à l’entrée de en la entrada de
5%
à la sortie de en la salida de
5%
à l’extérieur de fuera de
5%
plateau meseta
5%
tout près de muy cerca de
5%
presqu’île península
5%
banlieue periferia
5%
rond-point rotonda
5%
zone piétone zona peatonal
5%
à distance de a distancia de
0%
autour de alrededor de
0%
traverser atraversar
0%
longer bordear
0%
à l’extrémité de en el extremo de
0%
en face de enfrente de
0%
à l’arrière de en la parte trasera de
0%
à proximité de en las proximidades de
0%
au milieu de en medio de
0%
plaine llanura
0%
Aucun quiz correspondant
Distribution des résultats
% des personnes avec chaque résultat
Percentile par nombre de réponses
Votre historique - résultats
Vous n’avez pas pris ce quiz